[Event "Medellin Navideno op"]
[Site "Medellin"]
[Date "2013.12.20"]
[Round "4"]
[White "Posada Zuluaga, Juan Manuel"]
[Black "Martinez, Mauricio"]
[Result "1/2-1/2"]
[WhiteElo "2150"]
[BlackElo "2000"]
[PlyCount "83"]
[EventDate "2013.12.18"]
[EventType "swiss"]
[EventRounds "9"]
[EventCountry "COL"]
[SourceTitle "CBM 158 Extra"]
[Source "ChessBase"]
[SourceDate "2014.02.28"]
[SourceVersion "1"]
[SourceVersionDate "2014.02.28"]
[SourceQuality "1"]

1. e4 e5 2. Nf3 Nc6 3. d4 exd4 4. Nxd4 d6 5. Nc3 Nf6 6. f3 a6 7. Be3 Be7 8. Qd2 Nxd4 9. Bxd4 0-0 10. 0-0-0 Be6 11. g4 c5 12. Be3 b5 13. g5 b4 14. Na4 Nd7 15. f4 Nb6 16. Nxb6 Qxb6 17. b3 Bg4 18. Be2 Bxe2 19. Qxe2 Qc6 20. Qc4 Rfe8 21. f5 Bf8 22. g6 Ra7 23. Rd5 Qb5 24. gxf7+ Rxf7 25. Qd3 Qxd3 26. cxd3 a5 27. Bf4 Rd8 28. Kd2 a4 29. bxa4 Ra7 30. e5 Rxa4 31. Ke3 Rxa2 32. exd6 Ra6 33. Rc1 Bxd6 34. Bxd6 Raxd6 35. Rxd6 Rxd6 36. Rxc5 Rb6 37. Rc2 Kf7 38. Kd4 Kf6 39. Kc5 Rb8 40. d4 b3 41. Rb2 Kxf5 42. Kc4 1/2-1/2

[Event "Medellin Navideno op"]
[Site "Medellin"]
[Date "2013.12.20"]
[Round "5"]
[White "Zabala, Fidel"]
[Black "Posada Zuluaga, Juan Manuel"]
[Result "0-1"]
[WhiteElo "1992"]
[BlackElo "2150"]
[PlyCount "110"]
[EventDate "2013.12.18"]
[EventType "swiss"]
[EventRounds "9"]
[EventCountry "COL"]
[SourceTitle "CBM 158 Extra"]
[Source "ChessBase"]
[SourceDate "2014.02.28"]
[SourceVersion "1"]
[SourceVersionDate "2014.02.28"]
[SourceQuality "1"]

1. e4 c5 2. Nf3 Nc6 3. g3 g6 4. Bg2 Bg7 5. 0-0 e6 6. c3 d5 7. exd5 exd5 8. Re1+ Nge7 9. d4 cxd4 10. Nxd4 Nxd4 11. cxd4 h6 12. Nc3 0-0 13. Be3 Be6 14. Qd2 Kh7 15. Ne2 Bf5 16. Nf4 Be4 17. f3 Bf5 18. g4 Bd7 19. Bf2 Nc6 20. Nxd5 Bc8 21. Nc3 Nxd4 22. Rad1 Nc6 23. Qc2 Qa5 24. Rd5 Nb4 25. Rxa5 Nxc2 26. Re4 b6 27. Raa4 Bd7 28. Rac4 Be6 29. Rc7 Rfc8 30. Re7 Rd8 31. f4 Rac8 32. f5 gxf5 33. gxf5 Bxf5 34. Rxf7 Bxe4 35. Bxe4+ Kg8 36. Rxg7+ Kxg7 37. Bxc2 Rd2 38. Bb3 Rxb2 39. Ne4 Kg6 40. Kg2 Re8 41. Ng3 Rf8 42. Nh1 b5 43. Bd5 Rd8 44. Be4+ Kg7 45. Kf3 Rxa2 46. Ng3 Rxf2+ 47. Kxf2 a5 48. Nf5+ Kf6 49. Nxh6 a4 50. Ng4+ Kg7 51. h4 a3 52. h5 a2 53. h6+ Kf7 54. Ne5+ Ke6 55. Nc6 Rf8+ 0-1

[Event "Medellin Navideno op"]
[Site "Medellin"]
[Date "2013.12.19"]
[Round "2"]
[White "Posada Zuluaga, Juan Manuel"]
[Black "Rojas Solano, Jessenia"]
[Result "1-0"]
[WhiteElo "2150"]
[BlackElo "1867"]
[PlyCount "65"]
[EventDate "2013.12.18"]
[EventType "swiss"]
[EventRounds "9"]
[EventCountry "COL"]
[SourceTitle "CBM 158 Extra"]
[Source "ChessBase"]
[SourceDate "2014.02.28"]
[SourceVersion "1"]
[SourceVersionDate "2014.02.28"]
[SourceQuality "1"]

1. e4 c5 2. Nf3 Nc6 3. d4 cxd4 4. Nxd4 Nf6 5. Nc3 d6 6. Bg5 Qa5 7. Bxf6 gxf6 8. Qd2 h5 9. f4 Bh6 10. g3 Qb6 11. Ndb5 Be6 12. Nd5 Bxd5 13. exd5 Ne5 14. Qf2 Qa5+ 15. c3 Ng4 16. Qd4 a6 17. b4 Qd8 18. Na3 Bg7 19. Nc4 b5 20. h3 Nh6 21. Ne3 Kf8 22. f5 Qd7 23. Bd3 Rc8 24. 0-0 Rg8 25. a4 e5 26. dxe6 fxe6 27. axb5 Bh8 28. Kh2 e5 29. Qd5 Rxc3 30. bxa6 Qa7 31. Ng2 Nf7 32. Rac1 Rxc1 33. Rxc1 1-0

[Event "Medellin Region IRT op"]
[Site "Medellin"]
[Date "2013.05.19"]
[Round "5"]
[White "Posada Zuluaga, Juan Manuel"]
[Black "Arango, Andres Mauricio"]
[Result "0-1"]
[WhiteElo "2076"]
[BlackElo "2122"]
[PlyCount "70"]
[EventDate "2013.05.16"]
[EventType "swiss"]
[EventRounds "7"]
[EventCountry "COL"]
[SourceTitle "CBM 154 Extra"]
[Source "ChessBase"]
[SourceDate "2013.06.25"]
[SourceVersion "2"]
[SourceVersionDate "2013.06.25"]
[SourceQuality "1"]

1. e4 c5 2. c3 e6 3. d3 d5 4. Nd2 Nc6 5. Ngf3 Nf6 6. g3 Be7 7. Bg2 dxe4 8. dxe4 Qd3 9. Bf1 Qd6 10. Bg2 e5 11. 0-0 0-0 12. Qc2 b5 13. a4 Ba6 14. axb5 Bxb5 15. c4 Nb4 16. Qc3 Bc6 17. Nxe5 Bb7 18. Re1 Rfd8 19. Nf1 Qe6 20. b3 Rd4 21. Nf3 Rd3 22. Qb2 Nxe4 23. Ng5 Bxg5 24. Bxg5 Qf5 25. Bf4 h6 26. f3 Ng5 27. Ne3 Qd7 28. Nd5 Bxd5 29. cxd5 Rxd5 30. Re5 Nd3 31. Rxd5 Qxd5 32. Rd1 Nxf3+ 33. Kh1 Nf2+ 34. Qxf2 Qxd1+ 35. Bf1 Re8 0-1

[Event "Medellin Region IRT op"]
[Site "Medellin"]
[Date "2013.05.18"]
[Round "3"]
[White "Ossa Quintero, Vladimir Andrey"]
[Black "Posada Zuluaga, Juan Manuel"]
[Result "0-1"]
[WhiteElo "1963"]
[BlackElo "2076"]
[PlyCount "80"]
[EventDate "2013.05.16"]
[EventType "swiss"]
[EventRounds "7"]
[EventCountry "COL"]
[SourceTitle "CBM 154 Extra"]
[Source "ChessBase"]
[SourceDate "2013.06.25"]
[SourceVersion "2"]
[SourceVersionDate "2013.06.25"]
[SourceQuality "1"]

1. e4 c5 2. g3 Nc6 3. Bg2 g6 4. Ne2 Bg7 5. c3 e5 6. Na3 Nge7 7. 0-0 0-0 8. d3 d6 9. Be3 Rb8 10. d4 cxd4 11. cxd4 d5 12. dxe5 dxe4 13. Bxe4 Bh3 14. Qxd8 Rbxd8 15. Rfd1 Bxe5 16. Nc4 Bf6 17. Bh6 Rxd1+ 18. Rxd1 Rd8 19. Rxd8+ Nxd8 20. Nf4 Bd7 21. b3 b6 22. h4 Bd4 23. Ne2 Bc5 24. Bf4 Ne6 25. Be5 f5 26. Bf3 Bc6 27. Kg2 Kf7 28. Bb8 Bxf3+ 29. Kxf3 Nc6 30. Ne5+ Nxe5+ 31. Bxe5 Ke7 32. Nc3 Kd7 33. Nd5 Kc6 34. Nf6 h6 35. h5 g5 36. g4 f4 37. Ng8 Kd5 38. Bb8 Nd4+ 39. Kg2 Nc6 40. Bc7 Bf8 0-1

[Event "COL-ch U20"]
[Site "Florencia"]
[Date "2013.04.06"]
[Round "6"]
[White "Hernandez Sanchez, Jairo Andres"]
[Black "Posada Zuluaga, Juan Manuel"]
[Result "1-0"]
[WhiteElo "2313"]
[BlackElo "2057"]
[PlyCount "101"]
[EventDate "2013.04.04"]
[EventType "swiss"]
[EventRounds "7"]
[EventCountry "COL"]
[SourceTitle "CBM 153 Extra"]
[Source "ChessBase"]
[SourceDate "2013.04.22"]
[SourceVersion "1"]
[SourceVersionDate "2013.04.22"]
[SourceQuality "1"]

1. e4 c5 2. Nf3 d6 3. d3 Nf6 4. g3 e6 5. Bg2 Be7 6. 0-0 0-0 7. Re1 Nbd7 8. c3 Qc7 9. d4 cxd4 10. cxd4 e5 11. b3 b6 12. Bb2 Bb7 13. Nc3 Rac8 14. Rc1 Qb8 15. Qd2 Rfe8 16. h3 Nf8 17. Rcd1 Rcd8 18. d5 N8d7 19. b4 Rc8 20. Bf1 a6 21. Bd3 b5 22. a4 bxa4 23. Nxa4 Bd8 24. Ra1 Nb6 25. Qe2 Re7 26. Nd2 Nfd7 27. Nb3 Nxa4 28. Rxa4 Nb6 29. Raa1 Na8 30. Bc1 Rc3 31. Na5 Bxa5 32. Rxa5 Rxd3 33. Qxd3 Nc7 34. Be3 Bc8 35. Rc1 Qxb4 36. Raa1 Qb8 37. Rc6 Nb5 38. Rb6 Qc7 39. Rc1 Qd8 40. Qc4 Rc7 41. Rc6 Rxc6 42. Qxc6 Bxh3 43. Qxa6 Bd7 44. Qb7 h5 45. Bb6 Qg5 46. Ra1 Qg4 47. Ra8+ Kh7 48. Rd8 Qd1+ 49. Kh2 Bh3 50. Qxf7 Bg4 51. Rg8 1-0

[Event "COL-ch U20"]
[Site "Florencia"]
[Date "2013.04.04"]
[Round "1"]
[White "Martinez Romero, Martin"]
[Black "Posada Zuluaga, Juan Manuel"]
[Result "1-0"]
[WhiteElo "2402"]
[BlackElo "2057"]
[PlyCount "37"]
[EventDate "2013.04.04"]
[EventType "swiss"]
[EventRounds "7"]
[EventCountry "COL"]
[SourceTitle "CBM 153 Extra"]
[Source "ChessBase"]
[SourceDate "2013.04.22"]
[SourceVersion "1"]
[SourceVersionDate "2013.04.22"]
[SourceQuality "1"]

1. Nf3 Nf6 2. b3 d6 3. Bb2 e5 4. e3 Be7 5. d4 e4 6. Nfd2 0-0 7. c4 Re8 8. Nc3 Bf8 9. Be2 g6 10. Qc2 Bf5 11. h3 h5 12. g4 hxg4 13. hxg4 Nxg4 14. Ncxe4 Bg7 15. Bxg4 Bxg4 16. d5 Nd7 17. Bxg7 Kxg7 18. Qc3+ Nf6 19. Nxf6 1-0

[Event "Medellin IRT op"]
[Site "Medellin"]
[Date "2012.08.05"]
[Round "5"]
[White "Posada Zuluaga, Juan Manuel"]
[Black "Lora, Joel Fernando"]
[Result "1-0"]
[WhiteElo "2045"]
[BlackElo "2147"]
[PlyCount "55"]
[EventDate "2012.08.03"]
[EventType "swiss"]
[EventRounds "9"]
[EventCountry "COL"]
[SourceTitle "CBM 149 Extra"]
[Source "ChessBase"]
[SourceDate "2012.08.24"]
[SourceVersion "1"]
[SourceVersionDate "2012.08.24"]
[SourceQuality "1"]

1. e4 e6 2. d4 d5 3. exd5 exd5 4. Bd3 Bd6 5. Qf3 Be6 6. Ne2 Nf6 7. h3 0-0 8. 0-0 Nbd7 9. Bf4 Be7 10. c3 c5 11. Nd2 c4 12. Bc2 b5 13. Ng3 g6 14. Rfe1 Qb6 15. Ndf1 Rfe8 16. Bg5 Kg7 17. Nh2 a5 18. h4 h5 19. Ne2 Bd6 20. Nf4 Qc6 21. Rxe6 fxe6 22. Nxg6 Bxh2+ 23. Kxh2 Ng4+ 24. Kg1 e5 25. Bf5 Rf8 26. Ne7 Qd6 27. Qg3 Ndf6 28. Bxg4 1-0

[Event "Medellin Cuartas Memorial"]
[Site "Medellin"]
[Date "2011.08.06"]
[Round "6"]
[White "Ferreira Morales, Jorge Luis"]
[Black "Posada Zuluaga, Juan Manuel"]
[Result "0-1"]
[WhiteElo "1800"]
[BlackElo "2023"]
[PlyCount "54"]
[EventDate "2011.08.03"]
[EventType "swiss"]
[EventRounds "8"]
[EventCountry "COL"]
[SourceTitle "CBM 144 Extra"]
[Source "ChessBase"]
[SourceDate "2011.10.28"]
[SourceVersion "1"]
[SourceVersionDate "2011.10.28"]
[SourceQuality "1"]

1. e4 c5 2. Nf3 d6 3. c4 e5 4. Be2 Nc6 5. 0-0 g6 6. d3 Bg7 7. Nc3 Nge7 8. h3 0-0 9. Nh2 Be6 10. f4 f5 11. Kh1 Nd4 12. Nd5 Nec6 13. Be3 Qd7 14. Qd2 Rae8 15. Rae1 Rf7 16. Nf3 fxe4 17. dxe4 Nxf3 18. Bxf3 Ref8 19. Bd1 Nd4 20. Rf2 exf4 21. Bxf4 g5 22. Be3 Rxf2 23. Bxf2 h6 24. Qe3 Bxd5 25. exd5 Be5 26. Bg4 Qg7 27. Bg3 Nc2 0-1

[Event "Medellin Cuartas Memorial"]
[Site "Medellin"]
[Date "2011.08.06"]
[Round "5"]
[White "Posada Zuluaga, Juan Manuel"]
[Black "Torres, Juan Camilo"]
[Result "0-1"]
[WhiteElo "2023"]
[BlackElo "2206"]
[PlyCount "116"]
[EventDate "2011.08.03"]
[EventType "swiss"]
[EventRounds "8"]
[EventCountry "COL"]
[SourceTitle "CBM 144 Extra"]
[Source "ChessBase"]
[SourceDate "2011.10.28"]
[SourceVersion "1"]
[SourceVersionDate "2011.10.28"]
[SourceQuality "1"]

1. e4 c5 2. Nc3 Nc6 3. g3 g6 4. Bg2 Bg7 5. d3 d6 6. Be3 e6 7. Qd2 Nd4 8. f4 Ne7 9. Nf3 Qa5 10. 0-0 Nec6 11. Nh4 0-0 12. f5 exf5 13. Bh6 fxe4 14. Bxg7 Kxg7 15. Bxe4 Be6 16. Qf2 f5 17. Bd5 Rae8 18. Bxe6 Rxe6 19. Ng2 Ne5 20. Nf4 Ree8 21. Qg2 Qb6 22. b3 Qc6 23. Nfd5 b5 24. a4 b4 25. Nb5 Nef3+ 26. Rxf3 Qxd5 27. Rf2 Qe5 28. Raf1 Nxb5 29. axb5 d5 30. Kh1 Rf7 31. g4 f4 32. g5 Rf5 33. h4 Ref8 34. Qf3 h6 35. Re2 Qd4 36. Rg1 hxg5 37. Rxg5 Qa1+ 38. Kg2 Rxg5+ 39. hxg5 Rf5 40. Kf2 Rxg5 41. Re1 Qd4+ 42. Ke2 Rg3 43. Qf2 Re3+ 44. Kf1 Rxe1+ 45. Qxe1 Qe3 46. Qa1+ Kh6 47. Qh8+ Kg5 48. Qd8+ Kg4 49. Qg8 Qc1+ 50. Kf2 Qxc2+ 51. Kg1 Qxd3 52. Qe6+ Kg3 53. Qe1+ Kh3 54. Qe6+ Qf5 55. Qg8 Kg3 56. Kf1 Qc2 57. Ke1 f3 58. Qb8+ Kg2 0-1

[Event "Medellin Cuartas Memorial"]
[Site "Medellin"]
[Date "2011.08.05"]
[Round "4"]
[White "Ramirez, Benjamin Dario"]
[Black "Posada Zuluaga, Juan Manuel"]
[Result "1/2-1/2"]
[WhiteElo "2213"]
[BlackElo "2023"]
[PlyCount "62"]
[EventDate "2011.08.03"]
[EventType "swiss"]
[EventRounds "8"]
[EventCountry "COL"]
[SourceTitle "CBM 144 Extra"]
[Source "ChessBase"]
[SourceDate "2011.10.28"]
[SourceVersion "1"]
[SourceVersionDate "2011.10.28"]
[SourceQuality "1"]

1. e4 c5 2. Nf3 d6 3. d4 cxd4 4. Nxd4 Nf6 5. Nc3 g6 6. Be3 Bg7 7. h3 0-0 8. Bc4 Nc6 9. Bb3 Nd7 10. 0-0 Nc5 11. Qd2 Nxd4 12. Bxd4 Be6 13. Bxg7 Kxg7 14. f4 Bxb3 15. axb3 Qb6 16. Qd4+ e5 17. fxe5 dxe5 18. Qxe5+ f6 19. Qd4 Rad8 20. Nd5 Nxe4 21. Nxb6 Rxd4 22. Rxa7 Rf7 23. Nc4 Rc7 24. Re1 Nd2 25. c3 Rdd7 26. Nb6 Rd6 27. Na8 Rcd7 28. Re8 Nxb3 29. Rb8 Nc5 30. b4 Ra6 31. Rxa6 Nxa6 1/2-1/2

[Event "Bogota McGregor op 1st"]
[Site "Bogota"]
[Date "2010.12.04"]
[Round "3"]
[White "Posada Zuluaga, Juan Manuel"]
[Black "Maldonado, Hernan"]
[Result "1-0"]
[WhiteElo "1980"]
[BlackElo "1994"]
[PlyCount "83"]
[EventDate "2010.12.03"]
[EventType "swiss"]
[EventRounds "10"]
[EventCountry "COL"]
[SourceTitle "CBM 139 Extra"]
[Source "ChessBase"]
[SourceDate "2011.01.05"]
[SourceVersion "1"]
[SourceVersionDate "2011.01.05"]
[SourceQuality "1"]

1. e4 c5 2. Nc3 Nc6 3. g3 g6 4. Bg2 Bg7 5. d3 d6 6. Be3 Nf6 7. h3 a6 8. Qd2 h5 9. Nge2 Bd7 10. f4 b5 11. 0-0 Qc8 12. f5 gxf5 13. exf5 Rb8 14. Rae1 Ne5 15. Nf4 Bxf5 16. Qf2 Be6 17. Nxe6 fxe6 18. Ne4 Rf8 19. Qe2 Rh8 20. c3 c4 21. d4 Nd3 22. Rd1 d5 23. Ng5 Rb6 24. Rxd3 cxd3 25. Qxd3 Kd7 26. Nf7 Rg8 27. Bf4 Qe8 28. Ne5+ Kc8 29. c4 bxc4 30. Nxc4 Rb5 31. Rc1 Kb7 32. a4 Rb4 33. Na5+ Kb6 34. Bc7+ Ka7 35. Nc6+ Kb7 36. Nxb4 Qxa4 37. Bf1 Ra8 38. Nxa6 Rxa6 39. Qxa6+ Qxa6 40. Bxa6+ Kxa6 41. Rc6+ Kb7 42. Rxe6 1-0

[Event "Bogota McGregor op 1st"]
[Site "Bogota"]
[Date "2010.12.04"]
[Round "2"]
[White "Ruiz Aguilar, Pablo Alexander"]
[Black "Posada Zuluaga, Juan Manuel"]
[Result "1-0"]
[WhiteElo "2306"]
[BlackElo "1980"]
[PlyCount "45"]
[EventDate "2010.12.03"]
[EventType "swiss"]
[EventRounds "10"]
[EventCountry "COL"]
[SourceTitle "CBM 139 Extra"]
[Source "ChessBase"]
[SourceDate "2011.01.05"]
[SourceVersion "1"]
[SourceVersionDate "2011.01.05"]
[SourceQuality "1"]

1. e4 c5 2. Nf3 d6 3. d4 cxd4 4. Nxd4 Nf6 5. Nc3 a6 6. Be2 e6 7. 0-0 Be7 8. Kh1 Nc6 9. Be3 Bd7 10. f4 Rc8 11. Nb3 Qc7 12. Bf3 b5 13. Rf2 0-0 14. Rd2 Rfd8 15. g4 Ne8 16. g5 f6 17. h4 b4 18. Na4 Rb8 19. Qg1 Qb7 20. Nb6 a5 21. Rad1 Bc8 22. e5 fxe5 23. Nxa5 1-0